| 000 | 00371cam a2200145ua 4500 | ||
|---|---|---|---|
| 041 |
_aeng _h |
||
| 082 |
_a954.01 _bGOK/AN |
||
| 100 | _aGokhale, B G . | ||
| 245 |
_aAncient India:History and culture / _cB G Gokhale. _hTextual Documents |
||
| 260 |
_aMumbai : _bAsia Publishing House , _c1962. |
||
| 300 | _a225 ; . | ||
| 504 | _a | ||
| 942 | _cBK | ||
| 999 |
_c3341 _d3341 |
||